<?xml version="1.0" encoding="UTF-8"?>
<record
    xmlns:xsi="http://www.w3.org/2001/XMLSchema-instance"
    xsi:schemaLocation="http://www.loc.gov/MARC21/slim http://www.loc.gov/standards/marcxml/schema/MARC21slim.xsd"
    xmlns="http://www.loc.gov/MARC21/slim">

  <leader>01413nab a22002177a 4500</leader>
  <datafield tag="999" ind1=" " ind2=" ">
    <subfield code="c">5781</subfield>
    <subfield code="d">5781</subfield>
  </datafield>
  <controlfield tag="003">OSt</controlfield>
  <controlfield tag="005">20260106132558.0</controlfield>
  <controlfield tag="008">190514b        xxu||||| |||| 00| 0 spa d</controlfield>
  <datafield tag="040" ind1=" " ind2=" ">
    <subfield code="c">PJ</subfield>
  </datafield>
  <datafield tag="100" ind1=" " ind2=" ">
    <subfield code="9">6691</subfield>
    <subfield code="a">Calcaterra, Gabriela</subfield>
  </datafield>
  <datafield tag="245" ind1="1" ind2="3">
    <subfield code="a">Las sociedades an&#xF3;nimas de familia en el r&#xE9;gimen de comunidad /</subfield>
    <subfield code="c">Gabriela Calcaterra.</subfield>
  </datafield>
  <datafield tag="300" ind1=" " ind2=" ">
    <subfield code="a">p. 73-82</subfield>
  </datafield>
  <datafield tag="505" ind1=" " ind2=" ">
    <subfield code="a">Sumario: I. Las sociedades an&#xF3;nimas de familia.&#x2014; II. Organizaci&#xF3;n jur&#xED;dica de la SA familiar.&#x2014; III. R&#xE9;gimen patrimonial de la comunidad de bienes.&#x2014; IV. Participaci&#xF3;n accionaria y comunidad de bienes.&#x2014; V. Car&#xE1;cter de los dividendos percibidos por acciones propias.&#x2014; VI. Car&#xE1;cter de las acciones que suscribe el accionista titular de acciones propias durante la vigencia de la comunidad de bienes.&#x2014; VII. Adquisici&#xF3;n de partes indivisas de acciones de la sociedad familiar.&#x2014; VIII. Car&#xE1;cter del mayor valor que adquiera la participaci&#xF3;n societaria de car&#xE1;cter propio a lo largo de la vigencia del matrimonio.&#x2014; IX. Conclusi&#xF3;n.</subfield>
  </datafield>
  <datafield tag="505" ind1=" " ind2=" ">
    <subfield code="t">Si te interesa el texto, comunicate a koha@justierradelfuego.gov.ar</subfield>
  </datafield>
  <datafield tag="650" ind1=" " ind2="0">
    <subfield code="9">967</subfield>
    <subfield code="a">DERECHO DE FAMILIA</subfield>
  </datafield>
  <datafield tag="650" ind1=" " ind2="0">
    <subfield code="a">CODIGO CIVIL Y COMERCIAL</subfield>
    <subfield code="9">1497</subfield>
  </datafield>
  <datafield tag="650" ind1=" " ind2="0">
    <subfield code="a">SOCIEDAD ANONIMA</subfield>
    <subfield code="9">1625</subfield>
  </datafield>
  <datafield tag="650" ind1=" " ind2="0">
    <subfield code="a">R&#xC9;GIMEN DE COMUNIDAD DE BIENES</subfield>
    <subfield code="9">5328</subfield>
  </datafield>
  <datafield tag="773" ind1="0" ind2=" ">
    <subfield code="0">2844</subfield>
    <subfield code="9">3222</subfield>
    <subfield code="d">Buenos Aires : AbeledoPerrot, 1989-</subfield>
    <subfield code="t">Derecho de familia. N&#xB0; 115 - Julio 2024</subfield>
    <subfield code="z">18511201</subfield>
  </datafield>
  <datafield tag="942" ind1=" " ind2=" ">
    <subfield code="2">udc</subfield>
    <subfield code="c">ANA</subfield>
  </datafield>
</record>
